| 000 | 00746nam a22002537a 4500 | ||
|---|---|---|---|
| 999 |
_c122558 _d122558 |
||
| 003 | 0 | ||
| 005 | 20230110162426.0 | ||
| 008 | 0 | ||
| 010 | _aB-019717 | ||
| 020 |
_c475.00 _a8187317361 |
||
| 035 | _aB-019717, B-019718, B-019721 | ||
| 037 | _bCen Lib/Ret | ||
| 040 |
_aDPL _bEN _c0 |
||
| 082 |
_a025.1068 _bIYE |
||
| 245 |
_aLibrary management of staff training and development / _cedited by V. K. Iyer |
||
| 260 |
_aDelhi _bRajat Publications _c1999 |
||
| 270 |
_bDelhi _a4/32, Geeta Colony _e110031 |
||
| 300 |
_a298p. _c20cm(Hb) |
||
| 500 | _aIncludes index | ||
| 650 |
_aLibrary management _y _9112482 |
||
| 650 |
_aLibrary science _9112483 |
||
| 700 |
_aIyer, V. K. _9100973 |
||
| 942 |
_2ddc _cEN _h025.1068 _mLIB |
||